| 000 | 00467nam a2200169Ia 4500 | ||
|---|---|---|---|
| 008 | 260520s2025 xx 000 0 und d | ||
| 020 | _a9788195155828 | ||
| 041 | _amar | ||
| 082 | _a342.54/SHI | ||
| 100 | _aशिंदे, अभिजीत | ||
| 245 | _aभारतीय राज्यघटना | ||
| 250 | _a4th ed | ||
| 260 |
_aपुणे _bचाणक्य मंडल _c2025 |
||
| 300 | _a404p. | ||
| 500 | _aCat No: 15152 | ||
| 650 | _aLAW | ||
| 999 |
_c1222227 _d1222227 |
||